| 000 | 01748nab a2200241 i 4500 | ||
|---|---|---|---|
| 001 | 768714001 | ||
| 003 | CO-MdFUSB | ||
| 005 | 20240627083935.0 | ||
| 008 | 240627t1996 us ||||| |||| 00| 0 eng d | ||
| 040 |
_bspa _cCO-MdFUSB _dCO-MdFUSB |
||
| 041 | _aeng | ||
| 100 |
_aMenconi, Margo Lyn, _eautor |
||
| 245 |
_aUnderstanding and relating to the three cultures of cross-cultural ministry in Russia _c/ Margo Lyn Menconi |
||
| 520 | _aCuando los misioneros o trabajadores de la iglesia ingresan a una nueva cultura con el evangelio, en realidad tienen tres culturas con las que lidiar: su propia cultura nativa, la cultura del pueblo objetivo y también la cultura bíblica o del “reino”. Necesitamos entender los tres para poder comunicar fielmente nuestro mensaje a las personas que pretendemos alcanzar para Cristo. En este artículo, hago una comparación de muestra entre la cultura rusa y la de los Estados Unidos y de las Escrituras, utilizando la adaptación de Carolyn Ryffel (1994) de uno de los continuos “Dimensiones de la cultura” de Geert Hofstede (1991, 1986, 1984) como marco. El propósito de este documento es alentar la reconsideración del lugar de cada una de estas tres culturas en nuestras actividades misioneras y la toma de decisiones conscientes e informadas sobre nuestro enfoque de la misión con respecto a ellas. | ||
| 546 | _aTexto en inglés. | ||
| 650 | 0 |
_aMisiones _9154 |
|
| 650 | 7 |
_aIglesia _9655 |
|
| 650 | 0 |
_aEvangelización _9362 |
|
| 650 | 7 |
_aAntropología cultural y social _96714 |
|
| 773 | 0 |
_049486 _961114 _d Pasadena _oR0900 _tMissiology: _w(CO-MdFUSB)97 _gVolumen 24, (número 4, 1996) páginas: 519 - 531 _qpágina: 519 |
|
| 942 | _cANA | ||
| 945 | _aCatherine Arias Álvarez - Practicante SENA | ||
| 999 |
_c70386 _d70386 |
||